000
00256nam a22001097a 4500
082
_a
340
100
_a
Garg,Sandeep
245
_a
The Transfer Of Property Act,1882
260
_a
Delhi
_b
Commercial Law Publishers
_c
2025
650
_a
LAW
942
_c
C. BOOKS
999
_c
68245
_d
68245